Ruská strategická kultúra
Strategická kultúra Ruska, s dôrazom na obdobie po studenej vojne. Význam pojmu strategická kultúra a história jej skúmania. Zdroje a nositelia strategickej kultúry. Historický vývoj ruskej strategickej kultúry. Súčasná strategická kultúra Ruska.
Enregistré dans:
| Auteur principal: | |
|---|---|
| Format: | Chapitre de livre |
| Langue: | slovaque |
| Sujets: | |
| Tags: |
Pas de tags, Soyez le premier à ajouter un tag!
|
MARC
| LEADER | 00000nla a2200000 4500 | ||
|---|---|---|---|
| 001 | 0198607 | ||
| 005 | 20240502073345.5 | ||
| 041 | 0 | |a slo | |
| 044 | |a SK | ||
| 245 | 1 | 0 | |a Ruská strategická kultúra |c Juraj Ondriaš |
| 520 | |a Strategická kultúra Ruska, s dôrazom na obdobie po studenej vojne. Význam pojmu strategická kultúra a história jej skúmania. Zdroje a nositelia strategickej kultúry. Historický vývoj ruskej strategickej kultúry. Súčasná strategická kultúra Ruska. | ||
| 610 | 2 | 0 | |a Rusko |
| 610 | 2 | 0 | |a kultúra |
| 610 | 2 | 0 | |a história |
| 610 | 2 | 0 | |a politika medzinárodná |
| 100 | 1 | |a Ondriaš, Juraj, 1988- | |